[Event "Merida World Heritage op 2nd"]
[Site "Merida"]
[Date "2022.08.06"]
[Round "7"]
[White "Garcia Quintanilla, Jordi"]
[Black "Roldan Ortiz, Antonio Jose"]
[Result "1/2-1/2"]
[WhiteElo "1650"]
[BlackElo "1905"]
[PlyCount "58"]
[EventDate "2022.08.02"]
[EventType "swiss"]
[EventRounds "9"]
[EventCountry "ESP"]
[SourceTitle "EXT 2023"]
[Source "ChessBase"]
[SourceDate "2022.10.05"]
[SourceVersion "1"]
[SourceVersionDate "2022.10.05"]
[SourceQuality "1"]

1. e4 e6 2. d4 d5 3. e5 c5 4. c3 Qb6 5. Nf3 Nc6 6. Bd3 cxd4 7. cxd4 Bd7 8. 0-0 Nxd4 9. Nxd4 Qxd4 10. Nc3 a6 11. Qe2 Ne7 12. Kh1 Nc6 13. f4 Bc5 14. a3 Ba7 15. Bd2 g6 16. Rf3 Qc5 17. Be3 Qe7 18. Bxa7 Nxa7 19. f5 gxf5 20. Bxf5 Nb5 21. Nxb5 Bxb5 22. Bd3 Bxd3 23. Qxd3 Qg5 24. Qc3 Rd8 25. Raf1 Rf8 26. Rf6 d4 27. Qc7 Rd7 28. Qc8+ Ke7 29. Qc5+ Ke8 1/2-1/2

[Event "Merida World Heritage op 2nd"]
[Site "Merida"]
[Date "2022.08.03"]
[Round "3"]
[White "Jaramago Ledo, Javier"]
[Black "Garcia Quintanilla, Jordi"]
[Result "1-0"]
[WhiteElo "1975"]
[BlackElo "1650"]
[PlyCount "69"]
[EventDate "2022.08.02"]
[EventType "swiss"]
[EventRounds "9"]
[EventCountry "ESP"]
[SourceTitle "CBM 209 Extra"]
[Source "ChessBase"]
[SourceDate "2022.09.30"]
[SourceVersion "1"]
[SourceVersionDate "2022.09.30"]
[SourceQuality "1"]

1. e4 g6 2. d4 Bg7 3. Nc3 c6 4. Bc4 d6 5. Nf3 e6 6. d5 Nf6 7. 0-0 0-0 8. a4 e5 9. h3 Nbd7 10. dxc6 Nc5 11. Be3 Ncxe4 12. Nxe4 Nxe4 13. Bd5 bxc6 14. Bxc6 Nxf2 15. Bxf2 Rb8 16. Rb1 Qc7 17. Bd5 h6 18. b3 Kh7 19. Nd2 f5 20. Nc4 Ba6 21. Re1 Rbd8 22. Qd2 Bxc4 23. bxc4 Qe7 24. Rb7 Rd7 25. Reb1 Rfd8 26. Qa5 g5 27. Qxa7 e4 28. Rxd7 Rxd7 29. Rb7 Rxb7 30. Qxb7 Qe5 31. Qc8 Qa1+ 32. Kh2 Qe5+ 33. Kh1 Qa1+ 34. Bg1 e3 35. Bg8+ 1-0

[Event "Merida World Heritage op 1st"]
[Site "Merida"]
[Date "2021.08.06"]
[Round "5"]
[White "Garcia Quintanilla, Jordi"]
[Black "Draghici Flutur, Gavril"]
[Result "0-1"]
[WhiteElo "1690"]
[BlackElo "2072"]
[PlyCount "113"]
[EventDate "2021.08.04"]
[EventType "swiss"]
[EventRounds "9"]
[EventCountry "ESP"]
[SourceTitle "EXT 2023"]
[Source "ChessBase"]
[SourceDate "2022.10.05"]
[SourceVersion "1"]
[SourceVersionDate "2022.10.05"]
[SourceQuality "1"]

1. e4 g6 2. Nc3 Bg7 3. f4 c5 4. Nf3 e6 5. g3 Ne7 6. Bg2 Nbc6 7. 0-0 0-0 8. d3 d5 9. e5 a6 10. Nb1 Nf5 11. c3 d4 12. Na3 h5 13. Nc2 Rb8 14. Ng5 f6 15. exf6 Bxf6 16. Ne4 Be7 17. h3 Kg7 18. Kh2 Qc7 19. Rg1 b5 20. Kh1 Nh6 21. Bd2 Nd8 22. cxd4 Bb7 23. dxc5 Bxe4 24. dxe4 Qxc5 25. Bc3+ Kh7 26. Qd4 Qxd4 27. Bxd4 Nc6 28. Be3 Nf7 29. e5 Rbc8 30. Nd4 Nxd4 31. Bxd4 Nh6 32. Rac1 Nf5 33. Bf2 Kg7 34. a3 Rfd8 35. g4 hxg4 36. hxg4 Rh8+ 37. Bh3 Rxc1 38. Rxc1 Rxh3+ 39. Kg2 Rb3 40. gxf5 gxf5 41. Rc2 Kf7 42. Bd4 Rd3 43. Bf2 Bd8 44. Be1 Rd1 45. Rd2 Rxe1 46. Rxd8 Re2+ 47. Kf3 Rxb2 48. Rd7+ Kg6 49. Ke3 Rb3+ 50. Rd3 Rxd3+ 51. Kxd3 Kh5 52. Kd4 Kg4 53. Kc5 a5 54. Kd6 b4 55. axb4 axb4 56. Kxe6 b3 57. Kf6 0-1

[Event "Seville op 40th"]
[Site "Seville"]
[Date "2015.01.25"]
[Round "1"]
[White "Garcia Quintanilla, Jordi"]
[Black "Gavilan Diaz, Mario"]
[Result "0-1"]
[WhiteElo "1719"]
[BlackElo "2250"]
[PlyCount "66"]
[EventDate "2015.01.25"]
[EventType "swiss"]
[EventRounds "9"]
[EventCountry "ESP"]
[SourceTitle "CBM 164 Extra"]
[Source "ChessBase"]
[SourceDate "2015.03.02"]
[SourceVersion "1"]
[SourceVersionDate "2015.03.02"]
[SourceQuality "1"]

1. e4 c5 2. c3 e6 3. d4 d5 4. e5 Nc6 5. Nf3 Qb6 6. Bd3 cxd4 7. cxd4 Bd7 8. Bc2 Nb4 9. 0-0 Nxc2 10. Qxc2 Rc8 11. Nc3 Ne7 12. Qd3 Nc6 13. a3 Na5 14. Nd2 Be7 15. b4 Nc4 16. f4 0-0 17. Nb3 Qc7 18. Nc5 f5 19. g4 b6 20. Nxd7 Qxd7 21. Ra2 a5 22. b5 a4 23. g5 Rc7 24. Rg2 Rfc8 25. Rf3 Na5 26. Ne2 Rxc1+ 27. Nxc1 Rxc1+ 28. Kf2 Rc4 29. Rh3 Rxd4 30. Qf3 Qxb5 31. Qc3 Rxf4+ 32. Kg3 Rc4 33. Qe1 Qb3+ 0-1